Touchstone : Student's book

Touchstone is an innovative new series for adult and young-adult learners of English. It draws on extensive research into the Cambridge International Corpus of North American English - a large database of everyday conversations and texts that shows how people actually use English. At the core of Tou...

Fuld beskrivelse

Đã lưu trong:
Bibliografiske detaljer
Hovedforfatter: McCarthy, Michael
Format: Bog
Sprog:Undetermined
Udgivet: Cambridge, U.K. Cambridge University Press 2005
Fag:
Tags: Tilføj Tag
Ingen Tags, Vær først til at tagge denne postø!
Thư viện lưu trữ: Trung tâm Học liệu Trường Đại học Cần Thơ
LEADER 01378nam a2200253Ia 4500
001 CTU_124189
008 210402s9999 xx 000 0 und d
020 |c 266000 
082 |a 428.24 
082 |b M123s/Level1 
100 |a McCarthy, Michael 
245 0 |a Touchstone : 
245 0 |b Student's book 
245 0 |c Michael McCarthy, Jeanne McCarten, Helen Sandiford. 
260 |a Cambridge, U.K. 
260 |b Cambridge University Press 
260 |c 2005 
520 |a Touchstone is an innovative new series for adult and young-adult learners of English. It draws on extensive research into the Cambridge International Corpus of North American English - a large database of everyday conversations and texts that shows how people actually use English. At the core of Touchstone is a brand-new syllabus area of conversation management strategies such as how to start and end conversations, how to show interest, and how to ask questions that are not too direct. The result is a groundbreaking course of language and skills development that helps learners communicate naturally and effectively, even at the very beginning levels. 
650 |a English language 
650 |x Textbooks for foreign speakers 
904 |i Minh 
910 |a Sách kèm đĩa số: AV.000803, AV.000802 
915 |a 400 
980 |a Trung tâm Học liệu Trường Đại học Cần Thơ